Mathematical enculturation : a cultural perspective on mathematics education
Saved in:
| Main Author: | |
|---|---|
| Format: | Book |
| Language: | English |
| Published: |
Dordrecht :
Kluwer Academic,
1991
|
| Series: | Mathematics education library ;
; 6 |
| Subjects: | |
| Tags: |
Add Tag
No Tags, Be the first to tag this record!
|
MARC
| LEADER | 00000nam a2200000 i 4500 | ||
|---|---|---|---|
| 001 | 1/46783 | ||
| 008 | 040114s1991 eng d | ||
| 020 | |a 0-7923-1270-8 | ||
| 035 | |l 10071961 | ||
| 040 | |a GR-MY-UA |b gre |e aacr | ||
| 041 | 0 | |a eng | |
| 082 | 0 | |a 510.7 | |
| 100 | 0 | |a Bishop, Alan J. | |
| 245 | 1 | 0 | |a Mathematical enculturation : |b a cultural perspective on mathematics education / |c Alan J. Bishop |
| 260 | |a Dordrecht : |b Kluwer Academic, |c 1991 | ||
| 300 | |a 195 p. | ||
| 490 | 1 | |a Mathematics education library |v ; 6 | |
| 504 | |a Includes bibliography and index | ||
| 650 | 0 | 0 | |a Mathematics |x Study and teaching. |
| 830 | 0 | |a Mathematics education library ; |v ; 6 | |
| 852 | |a INST |b RHODES |e 20040114 |h 510.7 BIS |p 005400019875 |q 005400019875 |t BK |y 0 | ||
| 901 | |a BIBL4-2004-1 | ||
| 909 | |a Ρ |b 107940 | ||
| 922 | |a 4ΕΛΗ |b 200312 |c ΕΠΕΑΕΚ2/ΠΤΔΕ |d ΜΙΧΑΛΟΠΟΥΛΟΣ | ||
| 950 | |a 095-2003-10-18 | ||
| 970 | |a ΚΟΥΛΑΚΙΟΤΗ |b ΛΙΤΣΑ |z 2004/01/19 | ||